000 00985nam a22003017a 4500
003 CHAP
005 20220817041421.0
008 971013s1984 r 00010 d
010 _a13844
011 _a14816
035 _a18890
040 _cCHAP
082 _a630.83
_bM44 1984
110 _aMéxico.
_bSecretaría de Agricultura y Recursos Hidráulicos
_976864
245 _aPrograma nacional agropecuario y forestal 1984
260 _aMéxico, D. F. :
_bSARH,
_c1984
300 _a39 p.
_b: ilus.
590 _aBATCH-UPD
_b10
_c20130110
_lUCH01
_h1134
590 _aBATCH-UPD
_b10
_c20130410
_lUCH01
_h0722
590 _aBATCH-UPD
_b10
_c20130914
_lUCH01
_h1117
590 _aCONVERSION
_b10
_c20130109
_lUCH01
_h1309
650 1 4 _aAgricultura
_xEstadisticas
_zMexico.
650 1 4 _aCultivos
_xEstadísticas.
_930269
650 1 4 _aGanadería
_xEstadísticas
_zMéxico.
_944716
901 _aBK
942 _cLIBRO
949 _a630.83 M44 1984
_bBC
_cC
_d33724000571964
_eC
_h87069
_i18890
_si
999 _c13844
_d13844